Harún y el mar de las historias

Guardat en:
Dades bibliogràfiques
Autor principal: Rushdie, Salman (Autor)
Format: Llibre
Idioma:espanyol
Publicat: Buenos Aires Seix Barral 1991
Col·lecció:Biblioteca Breve
Matèries:
Etiquetes: Afegir etiqueta
Sense etiquetes, Sigues el primer a etiquetar aquest registre!

MARC

LEADER 00000nam a2200000 a 4500
001 UCZ7006
003 CL-VaPUC
008 951222e19910000AG |||||||||||||||||spa|d
082 0 4 |a 891.03  |b RUS  |2 21 
100 0 |a Rushdie, Salman  |e author  |9 351682 
245 1 0 |a Harún y el mar de las historias 
300 |a 194 p 
942 |c BK 
945 |d 19951222 00:00:00  |a rleighto 
260 |a Buenos Aires  |b Seix Barral  |c 1991 
650 7 |a NOVELAS HINDUES  |2 CL-VaPUC  |9 351683 
583 |a last modification  |c 19951222 00:00:00  |k Rodrigo Vera 
490 0 |a Biblioteca Breve 
999 |c 243139  |d 243137 
952 |0 0  |1 0  |4 0  |6 891_030000000000000_RUS_1991  |7 0  |8 A  |9 256581  |a BIBEDU  |b BIBEDU  |d 2019-11-19  |i 3163830  |o 891.03 RUS 1991  |p 3163830  |r 2019-11-19  |w 2019-11-19  |y BK  |k EDU